| Tag |
First Indicator |
Second Indicator |
Subfields |
| LEADER |
00000cam a2200000 i 4500 |
| 001 |
in00000035663 |
| 005 |
20151007062102.0 |
| 008 |
790621s1979 cau b 00010 eng |
| 010 |
|
|
|a 79083552
|
| 020 |
|
|
|a 0933782004 :
|c $3.95
|
| 035 |
|
|
|a (OCoLC)05196635
|
| 035 |
|
|
|9 AAD3914AM
|
| 040 |
|
|
|a DLC
|c DLC
|d TXA
|d UtOrBLW
|
| 041 |
1 |
|
|a eng
|a per
|
| 049 |
|
|
|a TXAM
|c [1192064]
|
| 050 |
0 |
0 |
|a BP173.25
|b .S52
|
| 082 |
0 |
|
|a 297/.197/8
|
| 100 |
1 |
|
|a Sharīʻatī, ʻAlī.
|
| 245 |
1 |
0 |
|a On the sociology of Islam :
|b lectures /
|c by Ali Shariati ; translated from the Persian by Hamid Algar.
|
| 264 |
|
1 |
|a Berkeley :
|b Mizan Press,
|c [1979]
|
| 264 |
|
4 |
|c ©1979
|
| 300 |
|
|
|a 125 pages ;
|c 21 cm.
|
| 336 |
|
|
|a text
|b txt
|2 rdacontent
|
| 337 |
|
|
|a unmediated
|b n
|2 rdamedia
|
| 338 |
|
|
|a volume
|b nc
|2 rdacarrier
|
| 504 |
|
|
|a Bibliography: pages 34-37.
|
| 650 |
|
0 |
|a Islamic sociology.
|
| 650 |
|
0 |
|a Theological anthropology
|x Islam.
|
| 999 |
|
|
|a MARS
|
| 999 |
f |
f |
|s c114e47e-1017-380d-a2f4-6da3fbec00ad
|i d3eeb7ed-200a-3492-b004-d1adbabc5ab4
|t 0
|
| 952 |
f |
f |
|p ric
|a Texas A&M University
|b Rellis Campus
|c Joint Library Facility
|d Remote Storage
|t 0
|e BP173.25 .S52
|h Library of Congress classification
|i unmediated -- volume
|m A14801754992
|
| 998 |
f |
f |
|a BP173.25 .S52
|t 0
|l Remote Storage
|